000 00833nam a2200253Ia 4500
003 OSt
005 20220923220147.0
006 a|||||r|||| 00| 0
007 ta
008 220922b |||||||| |||| 00| 0 hin d
024 _a184,685
037 _cTextual
040 _aARTS
_cARTS
_bhin
041 _2hin
_ahin
082 _aO152,1NRA,1, K9
100 _aरामपुरिया, माणक चन्द्र
_9163685
245 0 _aप्रेरणा
246 _aPreraṇā
260 _aबीकानेर
_b नवयुग गं्रथ कुटीर
_c1969
300 _a40 पृ.
_ccm.
650 _aहिन्दी साहित्य
_9156264
942 _hO152,1NRA,1, K9
_cTEXL
_2CC
999 _c337969
_d337969